000
00336nam a2200121Ia 4500
008
230524s9999 xx 000 0 und d
100
_a
"George Coulouris, Jean Dollimore, Tim Kindberg"
245
0
_a
"Distributed Systems Concepts and Design,"
260
_b
Pearson
500
_a
Quantity Number: 30
650
_a
Comp-Sc
942
_c
BK
999
_c
49867
_d
49867